<?xml version="1.0" encoding="UTF-8"?><?xml-stylesheet type="text/xsl" href="static/style.xsl"?><OAI-PMH xmlns="http://www.openarchives.org/OAI/2.0/" xmlns:xsi="http://www.w3.org/2001/XMLSchema-instance" xsi:schemaLocation="http://www.openarchives.org/OAI/2.0/ http://www.openarchives.org/OAI/2.0/OAI-PMH.xsd"><responseDate>2026-04-17T11:43:51Z</responseDate><request verb="GetRecord" identifier="oai:riubu.ubu.es:10259/7475" metadataPrefix="marc">https://riubu.ubu.es/oai/request</request><GetRecord><record><header><identifier>oai:riubu.ubu.es:10259/7475</identifier><datestamp>2023-04-17T10:45:42Z</datestamp><setSpec>com_10259_3843</setSpec><setSpec>com_10259_3591</setSpec><setSpec>com_10259.4_106</setSpec><setSpec>com_10259_2604</setSpec><setSpec>com_10259_5822</setSpec><setSpec>com_10259_5086</setSpec><setSpec>col_10259_6162</setSpec><setSpec>col_10259_5823</setSpec></header><metadata><record xmlns="http://www.loc.gov/MARC21/slim" xmlns:doc="http://www.lyncode.com/xoai" xmlns:xsi="http://www.w3.org/2001/XMLSchema-instance" xmlns:dcterms="http://purl.org/dc/terms/" xsi:schemaLocation="http://www.loc.gov/MARC21/slim http://www.loc.gov/standards/marcxml/schema/MARC21slim.xsd">
<leader>00925njm 22002777a 4500</leader>
<datafield tag="042" ind1=" " ind2=" ">
<subfield code="a">dc</subfield>
</datafield>
<datafield tag="720" ind1=" " ind2=" ">
<subfield code="a">Perez Antolin, Daniel</subfield>
<subfield code="e">author</subfield>
</datafield>
<datafield tag="720" ind1=" " ind2=" ">
<subfield code="a">Schuhmann, Wolfgang</subfield>
<subfield code="e">author</subfield>
</datafield>
<datafield tag="720" ind1=" " ind2=" ">
<subfield code="a">Palma, Jesús</subfield>
<subfield code="e">author</subfield>
</datafield>
<datafield tag="720" ind1=" " ind2=" ">
<subfield code="a">Ventosa Arbaizar, Edgar</subfield>
<subfield code="e">author</subfield>
</datafield>
<datafield tag="260" ind1=" " ind2=" ">
<subfield code="c">2022-07</subfield>
</datafield>
<datafield tag="520" ind1=" " ind2=" ">
<subfield code="a">Today’s society relies on energy storage on a day-to-day basis, e.g. match energy production and demand from renewable sources, power a variety of electronics, and&#xd;
enable emerging technologies. As a result, a vast range of energy storage technologies has emerged in the last decades. Among them, rechargeable Zn–Air batteries&#xd;
have held great promises for a long time. However, the severe challenges related to the reversible O2 reactions and poor cyclability at the positive and negative&#xd;
electrodes, respectively, have severely hindered the success of this technology. Herein, electrically-conducting and semi-flowable Zn semi-solid electrodes are&#xd;
proposed to revive the appealing concept of a mechanically–rechargeable alkaline Zn–Air battery, in which the spent negative electrodes are easily substituted at the&#xd;
end of the discharge process (refillable primary battery). In this proof-of-concept study energy densities of ca. 1500 Wh L− 1 (1350 Ah L− 1&#xd;
electrode and utilization rate of&#xd;
85%) are achieved thanks to the compromised flowability of the proposed Zn semi-solid electrodes. In this way, semi-solid Zn electrodes become a type of green&#xd;
energy carrier having intrinsic advantages over gas and liquid fuels. Zn semi-flowable electrode can be generated elsewhere using renewable sources, easily stored,&#xd;
transported, and used to produce electricity.</subfield>
</datafield>
<datafield tag="024" ind2=" " ind1="8">
<subfield code="a">0378-7753</subfield>
</datafield>
<datafield tag="024" ind2=" " ind1="8">
<subfield code="a">http://hdl.handle.net/10259/7475</subfield>
</datafield>
<datafield tag="024" ind2=" " ind1="8">
<subfield code="a">10.1016/j.jpowsour.2022.231480</subfield>
</datafield>
<datafield tag="245" ind1="0" ind2="0">
<subfield code="a">Semi-flowable Zn semi-solid electrodes as renewable energy carrier for refillable Zn–Air batteries</subfield>
</datafield>
</record></metadata></record></GetRecord></OAI-PMH>